Quizzes
Events
Quiz Creation
Community
Videos
Private Events
Remove Ads
Sign In
Join for FREE
Feedback
Dark Mode
Quiz Categories
Sports
Geography
Music
Movies
Television
Just For Fun
Miscellaneous
History
Literature
Language
Science
Gaming
Entertainment
Religion
Holiday
For Kids
Quiz Lab
Recent
Popular Today
Quiz Kudos Today
Editor Picks
Curator Picks
Quizzes by...
Day
Popularity
Type
Ratings
Length
Year
Community
Subscriptions
Recent Discussions
Orange Saloon
Badges
Playlists
Quests
Create
Leaderboards
Showdown
Live 5
Trivia Bingo
Activity
Puzzle Library
Sporcle Events
Private Events
Virtual Trivia
Globe League
Become a Host
Pub Owners
SporcleCon
Opinionation
Our Games
Videos
Blog
Mobile Apps
Partnerships
Remove Ads and Go Orange
Feedback
Geography
Country
Landmarks
City
State
Population
World
Capital
Continent
Flags
Europe
Africa
Asia
South America
North America
Oceania
Border
Canada
United Kingdom
Topography
United States
Geography
Country
Landmarks
City
State
Population
World
Capital
Continent
Flags
Europe
Africa
Asia
South America
North America
Oceania
Border
Canada
United Kingdom
Topography
United States
Random Quiz
Search Sporcle
×
Quiz Lab
Quiz Lab
Geography
City
Type in answers that appear in a list
Type in answers that appear in a list
Classic
Best Score? Go Orange.
Cities by Major Roads Stats
Can you name the cities by the given main roads?
By
SaoMagnifico
6m
30 Questions
127 Plays
127 Plays
127 Plays
Comments
Comments
Give Quiz Kudos
Give Quiz Kudos
-
- Ratings
hide this ad
More Info
Forced Order
Answers have to be entered in order
Answers have to be entered in order
Random Order
Randomize order of answers
Randomize order of answers
Replay
Link that replays current quiz
Next Quiz
Link to next quiz in quiz playlist
You Got
0%
They Got
Avg Score
27%
Avg Friend Score
Upgrade to see
Score Distribution
Jump to the score distribution portion of the page
Score
0/30
Timer
06:00
0
Plays Today
Roads
City
% Correct
Pennsylvania Avenue, K Street, Constitution Avenue
Washington, United States
88.2%
Sunset Boulevard, San Fernando Road, La Brea Avenue
Los Angeles, United States
86.6%
Madison Avenue, Broadway, Amsterdam Avenue
New York City, United States
84.3%
North Lincoln Avenue, Lake Shore Drive, North Clark Street
Chicago, United States
69.3%
Market Street, Van Ness Avenue, California Street
San Francisco, United States
65.4%
Southwark Street, Oxford Street, Fleet Street
London, United Kingdom
59.8%
Brickell Avenue, Biscayne Boulevard, West Flagler Street
Miami, United States
55.9%
Bissonnet Street, Memorial Drive, West Dallas Street
Houston, United States
43.3%
Pitt Street, Macquarie Street, George Street
Sydney, Australia
26.8%
Kingsway, Cambie Street, Nanaimo Street
Vancouver, Canada
22%
Richmond Street, Front Street, Parliament Street
Toronto, Canada
20.5%
Spanish Town Road, Hope Road, Norman Manley Boulevard
Kingston, Jamaica
17.3%
Commissioner Street, Smit Street, Klein Street
Johannesburg, South Africa
15.7%
Shankill Road, Lisburn Road, Falls Road
Belfast, United Kingdom
15.7%
Church Street, James's Street, Lord Edward Street
Dublin, Ireland
15%
Roads
City
% Correct
Karangahape Road, Queen Street, Victoria Street
Auckland, New Zealand
15%
Quay Street, Deansgate, Portland Street
Manchester, United Kingdom
14.2%
Swan Street, Hoddle Street, Exhibition Street
Melbourne, Australia
14.2%
Ferry Road, Princes Street, Canongate
Edinburgh, United Kingdom
13.4%
Roma Street, Coronation Drive, Pacific Motorway
Brisbane, Australia
13.4%
Valley Road, Uhuru Highway, Haile Selassie Avenue
Nairobi, Kenya
13.4%
Wellington Street, Thomas Street, Mounts Bay Road
Perth, Australia
11%
Memorial Drive Northwest, 9th Avenue, Centre Street
Calgary, Canada
9.4%
Tubman Boulevard, Camp Johnson Road, United Nations Drive
Monrovia, Liberia
8.7%
Holloway Head, Broad Street, Corporation Street
Birmingham, United Kingdom
7.9%
Strand Street, Bree Street, Main Road
Cape Town, South Africa
7.1%
Makerere Hill Road, Namirembe Road, Kira Road
Kampala, Uganda
5.5%
Samora Machel Avenue, Sam Nujoma Street, Prince Edwards Street
Harare, Zimbabwe
5.5%
Western Avenue, Mushin Road, Ring Road
Lagos, Nigeria
3.9%
Tragarete Road, Wrightson Road, Mucurapo Road
Port-of-Spain, Trinidad & Tobago
3.1%
Quiz Playlist
Details
Report
Send in Message
Add To Playlist
More Info:
All the cities in this quiz are population centers of countries in which English is a major spoken language.
Classic:
Type in answers that appear in a list
Forced Order:
Answers have to be entered in order
Random Order:
Randomize order of answers
Last Updated: Feb 16, 2017
Quiz Scoreboard
CHALLENGE
Sign Up to Join the Scoreboard
Show All
Scores
Hide
Comments
May contain spoilers
Recently Published
An Introduction to Baseball
by treessimontrees
Sports
5m
Movies - When Are They Set?
by FPL_Elf
Movies
5m
Popular People in 1961
by mucciniale
History
6m
More to Explore
Quiz From the Vault
Featured Blog Post
Where Did the Easter Bunny Come From?
hide this ad
You Might Also Like...
Tags
City Quiz
major
road
Today's Top Quizzes in Geography
Browse Geography
hide this ad
Today's Top Quizzes in City
Browse City
Top Contributed Quizzes in Geography
1
Countries of the World - No Outlines Minefield
2
Top 25 Cities of France on a map
3
Closest Countries to UK A-Z
4
Any capital of a 'B' country per Continent
5
One Thing in Common: United Kingdom
6
Find the Provinces of Canada - No Outlines Minefield
7
Any capital of a 'C' country per Continent
8
Blind Secret Country CLXXXVIII
9
Find the US States - No Outlines
10
Any capital of a 'D' country per Continent
Explore More
Trending Topics
Crossword
Disney
Harry Potter
Marvel
NBA
Anime
Kpop
The Office
WWE
NFL
Song
Puzzle
Soccer
Pokémon
Country
hide this ad
More By:
SaoMagnifico
Quiz
Plays
Rating
Category
Featured
Created
5 Biggest Cities
606
3.46
Geography
Apr 11, 2010
Five in the U.S.
600
4.18
Geography
Apr 12, 2010
Complete the Set
326
4.45
Miscellaneous
Feb 20, 2015
What Goldfinger Loves
293
4.18
Just For Fun
Mar 26, 2013
Uniquely Distinct States
271
4.67
Geography
Aug 5, 2010
Go to Creator's Profile
Score Distribution
Quiz Creator Spotlight
SaoMagnifico
Follow
Send a Message
Quizzes Created
-
Created Quiz Play Count
-
More By This Creator
Popular Quizzes Today
1
Find the Countries of Europe - No Outlines Minefield
2
Find the US States - No Outlines Minefield
3
The Countries of the World
4
Popular People in 1961
5
US States
6
Find the US States
7
1-10 Letter E Words III
8
Risky Map Clicking: Biggest States A-Z
More Geography Quizzes
Closest Countries to Italy
Published
Trending Quizzes
Risky Map Clicking: Least Populous States A-Z
1-10 Letter F Words
1-10 Letter G Words
One Thing in Common: United Kingdom
Not Quite an Element Typing Challenge
Recently Updated
Leaping Animals
pecheneg
Reality TV Shows (A-Z)
bhenderson79
Rickey Henderson's Hall of Fame Teammates
pecheneg
Champions League XIs: Arsenal
pecheneg
Quick Pick: Celebrities in WWE's Hall of Fame
aduchscher
A-Z Keypad Blitz II
pecheneg
Multiple Oscar Actors
pecheneg
Mystery Phrase Blitz: Oscar 'Best Actors'
pecheneg
F. Scott Fitzgerald Novels
LTH
Pick 3 Villains
ddd62291
Trending Topics
NBA
Marvel
Kpop
Crossword
Harry Potter
Anime
Disney
WWE
Soccer
Pokémon
NFL
Puzzle
Song
The Office
Country
Your Account Isn't Verified!
In order to create a playlist on Sporcle, you need to verify the email address you used during registration. Go to your
Sporcle Settings
to finish the process.
Report this User
Report this user for behavior that violates our
Community Guidelines
.
Details:
Send Report
Go to the Sporcle.com Mobile Site →
Comments